00429nmm a2200157Ia 4500008004100000041000800041100001700049245001500066264005100081300001800132490001400150650002900164856005200193942000700245999001900252251105s9999||||xx |||||||||||||||||und|| aspa aRose, Larkin 0aAtrévete a[Madrid, España] :bEditorial Egales, c2019 a230 páginas aNarrativa aNorth American narrative uhttps://public.digitaliapublishing.com/a/158157 cCF c100227d100227